Welcome to the Holygrace Academy Library

Please use search bar below to get started

MATHEMATICS PART-B (Record no. 656)

MARC details
000 -LEADER
fixed length control field 00261nam a22001097a 4500
082 ## - DEWEY DECIMAL CLASSIFICATION NUMBER
Classification number 510
Item number SHA/M
100 ## - MAIN ENTRY--AUTHOR NAME
Personal name R.D.SHARMA
245 ## - TITLE STATEMENT
Title MATHEMATICS PART-B
Remainder of title CLASS XII
260 ## - PUBLICATION, DISTRIBUTION, ETC. (IMPRINT)
Place of publication DELHI
Name of publisher DHANPAT RAI PUBLICATIONS
650 ## - SUBJECT ADDED ENTRY--TOPICAL TERM
Topical Term MATHS FOR CLASS XII
Geographic subdivision INDIA
942 ## - ADDED ENTRY ELEMENTS (KOHA)
Koha item type Books
Holdings
Withdrawn status Lost status Collection code Home library Current library Shelving location Date acquired Source of acquisition Full call number Accession Number Koha item type
    Reference Main Library Main Library SHELF-10 E PLUS 2 -MATHS 06/04/2006 purchase 510 SHA/M 02305 Books